Estadísticas para Mapa mundial vacío sin 20 países aleatorios

Haz click aquí para intentar la prueba.

Estadísticas generales

  • Esta prueba ha sido intentada 127 veces
  • La puntuación promedio es 18 de 20

Respuestas en el mapa

Las respuestas están codificadas por una escala verde-roja en el mapa de la prueba según el % correcto abajo.
 

Estadísticas de respuestas

país% Correcto
Alemania
100%
Arabia Saudita
100%
Argentina
100%
Australia
100%
Austria
100%
Bélgica
100%
Benín
100%
Bielorrusia
100%
Bolivia
100%
Botsuana
100%
Brasil
100%
Bulgaria
100%
Camerún
100%
Canadá
100%
Chequia
100%
China
100%
Colombia
100%
Costa Rica
100%
Côte d'Ivoire
100%
Ecuador
100%
Eslovaquia
100%
Eslovenia
100%
España
100%
Estados Unidos
100%
Etiopía
100%
Filipinas
100%
Finlandia
100%
Francia
100%
Ghana
100%
Guatemala
100%
Guinea
100%
Hungría
100%
India
100%
Indonesia
100%
Irak
100%
Irán
100%
Japón
100%
Kazajistán
100%
Letonia
100%
Libia
100%
Malí
100%
Mauritania
100%
México
100%
Moldavia
100%
Mongolia
100%
Namibia
100%
Nepal
100%
Nigeria
100%
Nueva Zelanda
100%
Pakistán
100%
Panamá
100%
Papúa Nueva Guinea
100%
Paraguay
100%
Perú
100%
Polonia
100%
Portugal
100%
Reino Unido
100%
Rep Dem del Congo
100%
Rumania
100%
Rusia
100%
Senegal
100%
Serbia
100%
Sudáfrica
100%
Sudán
100%
Sudán del Sur
100%
Tailandia
100%
Tanzania
100%
Tayikistán
100%
Togo
100%
Turquía
100%
Ucrania
100%
Uganda
100%
Uruguay
100%
Uzbekistán
100%
Venezuela
100%
Yemen
100%
Zimbabue
100%
Chile
92%
Guyana
92%
Macedonia del Norte
92%
Surinam
92%
Kirguistán
91%
Kenia
90%
Angola
89%
Honduras
89%
Myanmar
89%
Noruega
89%
Suiza
89%
Bosnia y Herzegovina
88%
República Centroafricana
88%
Zambia
88%
Argelia
86%
Chad
86%
Grecia
86%
Mozambique
86%
Suecia
86%
Croacia
85%
Corea del Norte
83%
Kosovo
83%
República Dominicana
83%
Sierra Leona
83%
Somalia
83%
Sri Lanka
83%
Congo
80%
Eritrea
80%
Gabón
80%
Jordania
80%
Liberia
80%
Lituania
80%
Níger
80%
Azerbaiyán
78%
Irlanda
78%
Islandia
78%
Afganistán
75%
Albania
75%
Egipto
75%
Emiratos Árabes Unidos
75%
Malaui
75%
Madagascar
71%
Marruecos
71%
Nicaragua
71%
Guinea-Bissau
70%
Bangladés
67%
Corea del Sur
67%
Georgia
67%
Laos
67%
Malasia
67%
Omán
67%
Túnez
67%
Vietnam
67%
Cuba
63%
Camboya
60%
Turkmenistán
57%
Estonia
56%
Burkina Faso
50%
Dinamarca
50%
Guinea Ecuatorial
50%
Taiwán
50%
Haití
43%
Armenia
40%
Países Bajos
38%
El Salvador
25%
Israel
13%
Italia
0%
Siria
0%

Distribución de puntuación

Porcentaje por número respondido

Porcentaje de gente con cada puntuación

Historial de tus puntuaciones

No has intentado esta prueba.